00381nam a2200157Ia 450000500170000000800410001704000190005804100120007708200110008910000160010024500310011626000310014730000120017865000230019085000100021320231122115236.0131103s9999 xx 000 0 und d aLoreto College aEnglish aFbWES aWest,Morris 4aThe NavigatorcMorris West aCalcuttabRupa & Co.c1977 a303 p.  aFiction in English aLCLIB